Svedectvo je nenahraditeľné

Bibliographic Details
Main Author: Binderová, Olívia (Author)
Format: Article
Language:Slovak
PhysicalDescription:Fotogr.
ISSN:0139-8512
Subjects:

MARC

LEADER 00000nab a2200000 ar4500
001 vtls009181329
003 SK-MaSNL
005 20260304210122.0
008 080206c2008 xo mr|p|||||||000 b|slo
015 |a SNBRB2008/02  |2 snkbucl 
038 |a SNKBUCL 
040 |a SNKBUCL  |b slo  |c SNKBUCL  |e AACR2 
041 0 |a slo 
044 |a xo  |c SK 
080 |a 282(282.262.7):266  |2 1997 
080 |a 266  |2 1997 
100 1 |a Binderová, Olívia  |4 aut  |9 1037050 
245 1 0 |a Svedectvo je nenahraditeľné  |c Olívia Binderová 
300 |b Fotogr. 
610 2 7 |a Katolícka cirkev  |2 snkbucl  |9 206702 
650 0 7 |a misie  |2 snkbucl  |9 4097 
651 7 |a Senegal  |2 snkbucl  |9 52017 
773 0 |t Katolícke noviny  |g Roč. 123, č. 5 (2008), s. 32  |x 0139-8512 
852 |a SNK  |b KIS3GCP 
958 |a NT 
999 |c 3124591  |d 3126521